|
|
|
แสดงรายละเอียดบรรณานุกรม |
|
|
Brief Record
: Get Marc (ISO 2709)
: E-mail record
: |
|
|
| LEADER 00000nam 2200000uu 4500 | |||
| 001 46028 | |||
| 003 ULIBM | |||
| 008 130123s2000||||th 000 0 tha d | |||
| 020 ^ ^a0194230198 | |||
| 082 04 ^aFic^bB-T | |||
| 100 1^ ^aBessett, Jrnnifer | |||
| 245 10 ^aThrough the looking-glass and what Alice found there /^cJrnnifer Bessett | |||
| 250 ^a ^a1st ed. | |||
| 260 ^a ^aOxford :^b Oxford University Press,^c 2000 | |||
| 300 ^a ^a72 p. | |||
| 999 ^aกัลยา เตชะ | |||
| คุณยังไม่ได้ล็อกอิน คุณสามารถมีกิจกรรมร่วมกับเว็บไซต์ได้ แต่ต้องล็อกอินก่อน :: |
|
| สถานะ | |||||||||
| 1. | หนังสือ | Fic B-T 2000 Barcode: 078789 | ►นวนิยาย | On Shelf ขอยืม | |||||
| [แสดง 1/1 รายการ] | |||||||||

BibComment |
| คอมเมนท์ทรัพยากรรายการนี้ |
|
|
ห้องสมุดโรงเรียนสามัคคีวิทยาคม
159 ถ.บรรพปราการ ต.เวียง อ.เมือง จ.เชียงราย 57000
โทร. 053-711018 โทรสาร 053-713003